LEADER 02895nam 2200649 450 001 9910460544803321 005 20200520144314.0 010 $a0-299-30463-9 035 $a(CKB)3710000000448858 035 $a(EBL)3445461 035 $a(SSID)ssj0001522515 035 $a(PQKBManifestationID)12606995 035 $a(PQKBTitleCode)TC0001522515 035 $a(PQKBWorkID)11463003 035 $a(PQKB)10049050 035 $a(MiAaPQ)EBC3445461 035 $a(OCoLC)914028363 035 $a(MdBmJHUP)muse42733 035 $a(Au-PeEL)EBL3445461 035 $a(CaPaEBR)ebr11079872 035 $a(CaONFJC)MIL815051 035 $a(EXLCZ)993710000000448858 100 $a20150729h20152015 uy 0 101 0 $aeng 135 $aur|n|---||||| 181 $ctxt 182 $cc 183 $acr 200 00$aHistorical justice and memory /$fedited by Klaus Neumann and Janna Thompson 210 1$aMadison, Wisconsin :$cThe University of Wisconsin Press,$d2015. 210 4$dİ2015 215 $a1 online resource (271 p.) 225 1 $aCritical Human Rights 300 $aDescription based upon print version of record. 311 $a0-299-30464-7 320 $aIncludes bibliographical references and index. 327 $aIntroduction: Beyond the legalist paradigm / Klaus Neumann and Janna Thompson -- Memory culture and human rights: a new constellation / Andreas Huyssen -- Reparative claims and theories of justice / Janna Thompson -- The political field of reparations / John Torpey -- How the past matters: on the foundations of an ethics of remembrance / Jeffrey Blustein -- The politics of memory, victimization and activism in post-conflict Bosnia and Herzegovina / Elazar Barkan and Belma Becirbasic -- Memories in transition: the Spanish law of historical memory / Patrizia Violi -- How can truth telling count as reparations? / Margaret Urban Walker -- Promoting historical justice through truth commissions: an uneasy relationship / Onur Bakiner -- Repairing historical wrongs and the end of empire / Daniel Butt -- Historical dialogue: beyond transitional justice and conflict resolution / Elazar Barkan -- Memory, justice, and post-terror futures / Mark Pendleton. 410 0$aCritical human rights. 606 $aTransitional justice 606 $aTruth commissions 606 $aReparations for historical injustices 606 $aCollective memory 608 $aElectronic books. 615 0$aTransitional justice. 615 0$aTruth commissions. 615 0$aReparations for historical injustices. 615 0$aCollective memory. 676 $a320.01/1 702 $aNeumann$b Klaus$f1958- 702 $aThompson$b Janna$f1942- 801 0$bMiAaPQ 801 1$bMiAaPQ 801 2$bMiAaPQ 906 $aBOOK 912 $a9910460544803321 996 $aHistorical justice and memory$92156421 997 $aUNINA LEADER 01092nam a2200313 i 4500 001 991000880689707536 005 20020507175130.0 008 951019s1981 us ||| | eng 020 $a0691082766 035 $ab10770306-39ule_inst 035 $aLE01303748$9ExL 040 $aDip.to Matematica$beng 082 0 $a514.7 084 $aAMS 18F25 100 1 $aRanicki, Andrew$060418 245 10$aExact sequences in the algebraic theory of surgery /$cby Andrew Ranicki 260 $aPrinceton, N.J. :$bPrinceton Univ. Press,$c1981 300 $axvii, 863 p. :$bill. ;$c24 cm. 490 0 $aMathematical notes ;$v26 500 $aBibliography: p. 843-861 650 0$aAlgebraic K-theory 650 0$aSequences 650 0$aSurgery 907 $a.b10770306$b23-02-17$c28-06-02 912 $a991000880689707536 945 $aLE013 18F RAN11 (1981)$g1$i2013000037912$lle013$o-$pE0.00$q-$rl$s- $t0$u0$v0$w0$x0$y.i10868690$z28-06-02 996 $aExact sequences in the algebraic theory of surgery$9922588 997 $aUNISALENTO 998 $ale013$b01-01-95$cm$da $e-$feng$gus $h0$i1